000
00236nam a2200109Ia 4500
005
20260121122225.0
008
220805s9999 xx 000 0 und d
041
_a
eng
082
_a
398.210944
245
_a
The Three Wishes
942
_c
BK
999
_c
47644
_d
47644